000 00697nam a22002297a 4500
003 UA-OsUOA
001 84450
007 ta
008 20120601b un ||||| |||| 00| 0 ukr d
100 _aГриценко О.
700 _aРак Ю.
090 _a330(477)
_bГ85
942 _cSA
040 _aUA-OsUOA
_bukr
_cUA-OsUOA
_dUA-OsUOA
245 _aМодель впливу основних чинників на сукупний обсяг реалізації на ринку консалтингових послуг України
300 _aС.28-43
955 _a0
041 _aukr
080 _a330(477)
773 0 _w84448
650 7 _a330 Економіка взагалі
_2UDC
999 _c370766
_d370766